Faust /
Goethe zpracoval středověkou legendu o učenci Faustovi, jenž zaprodal svou duši peklu. Předlohou faustovských legend je skutečná historická postava dr. Johanna Georga Fausta, středověkého německého alchymisty, o kterém již za jeho života kolovaly pověsti o jeho spolčení s ďáblem....
Uloženo v:
| Hlavní autor: | |
|---|---|
| Médium: | E-kniha |
| Jazyk: | Czech |
| Vydáno: |
Praha :
Artis,
2022
|
| Tagy: |
Žádné tagy |
| LEADER | 01208nam a22002297i 4500 | ||
|---|---|---|---|
| 001 | 311703 | ||
| 007 | ta | ||
| 008 | 260601s2022 xr ||||| |||| 00| 0 cze d | ||
| 020 | |a 9990003620804 | ||
| 044 | |a xr | ||
| 100 | 1 | |a Wolfgang von Goethe, Johann |4 aut | |
| 245 | 1 | 0 | |a Faust / |c Wolfgang von Goethe, Johann |
| 264 | 1 | |a Praha : |b Artis, |c 2022 | |
| 300 | |a 1 online zdroj (256 stran) | ||
| 336 | |a text |b txt |2 rdacontent | ||
| 337 | |a bez média |b n |2 rdamedia | ||
| 338 | |a online zdroj |b cr |2 rdacarrier | ||
| 520 | 2 | |a Goethe zpracoval středověkou legendu o učenci Faustovi, jenž zaprodal svou duši peklu. Předlohou faustovských legend je skutečná historická postava dr. Johanna Georga Fausta, středověkého německého alchymisty, o kterém již za jeho života kolovaly pověsti o jeho spolčení s ďáblem. | |
| 910 | |a RBIT002 | ||
| 998 | |d 362080 |a https://core.palmknihy.cz/api/books/362080/cover?rjojhh |b https://core.palmknihy.cz/api/books/362080/cover/400?rjojhh |c https://core.palmknihy.cz/api/books/362080/cover/50?rjojhh |e 2099-12-01 |g 256 |i 9990003620804 |j https://core.palmknihy.cz/api/books/362080/preview.epub |l |q 49 |r 1 |s https://www.palmknihy.cz/kniha/362080 |t ebook |y 2022 |z 1 | ||
| 999 | |d 311701 | ||